Parisian Metro Quiz #2 : Terminus - Statistics

General Stats
  • This quiz has been taken 386 times
  • The average score is 15 of 34
Answer Stats
Line Answer % Correct
Line 1 La Defense
88%
Line 2 Nation
84%
Line 6 Nation
84%
Line 1 Chateau de Vincennes
76%
Line 2 Porte Dauphine
64%
Line 6 Charles de Gaulle Etoile
59%
Line 5 Place d'Italie
59%
Line 8 Balard
55%
Line 4 Porte de Clignancourt
55%
Line 11 Chatelet
52%
Line 3 Gallieni
50%
Line 7 La Courneuve
46%
Line 5 Bobigny Pablo Picasso
45%
Line 9 Mairie de Montreuil
45%
Line 7 Mairie d'Ivry
44%
Line 10 Gare d'Austerlitz
43%
Line 14 Olympiades
43%
Line 9 Pont de Sevres
42%
Line 12 Mairie d'Issy
41%
Line 3 Pont de Levallois
39%
Line 8 Creteil Pointe du Lac
37%
Line 4 Mairie de Montrouge
37%
Line 3bis Gambetta
36%
Line 3bis Porte des Lilas
36%
Line 7 Villejuif Louis Aragon
35%
Line 11 Mairie des Lilas
34%
Line 7bis Louis Blanc
31%
Line 13 Chatillon Montrouge
26%
Line 14 Saint Lazare
26%
Line 7bis Pre Saint Gervais
23%
Line 13 Saint Denis Universite
21%
Line 10 Boulogne Pont de Saint Cloud
19%
Line 12 Front Populaire
18%
Line 13 Les Courtilles
13%
No matching quizzes found
Score Distribution
Percent of People with Each Score
Percentile by Number Answered
Your Score History
You have not taken this quiz